000 00653nam a2200181 a 4500
001 000046136
005 20201002052648.0
008 150625s1978 dr 000 0 spa d
040 _aDO-SdBNP
_bspa
_cBNPHU
100 1 _aRodríguez, Héctor Manuel
_936592
245 1 0 _aMetodología de la enseñanza universitaria /.
260 _aSanto Domingo :
_bInstituto de Estudios Superiores,
_c1978.
300 _a89 [2] p. : ;
_c22 cm.
490 1 _aMetodología de la enseñanza superior
504 _aBibliografía : p. 90-91
500 _aIncluye datos biográficos y notas al pie de las páginas
830 0 _aMetodología de la enseñanza superior
_972159
999 _c45625
_d45625